Advanced CMOS Cell Design (Record no. 3785)

MARC details
005 - DATE AND TIME OF LATEST TRANSACTION
control field 20250623115907.0
020 ## - INTERNATIONAL STANDARD BOOK NUMBER
International Standard Book Number 978-0-07-148836-5
082 ## - DEWEY DECIMAL CLASSIFICATION NUMBER
Classification number LM 621.3 SIC
100 ## - MAIN ENTRY--PERSONAL NAME
Author name SICARD, E.
245 ## - TITLE STATEMENT
Title Advanced CMOS Cell Design
260 ## - PUBLICATION, DISTRIBUTION, ETC.
Place of publication, distribution, etc. New York,
Name of publisher, distributor, etc. McGraw-Hill,
Date of publication, distribution, etc. 2007.
300 ## - PHYSICAL DESCRIPTION
Extent x,364p.: ill.; figure, tables
Other physical details Index
Dimensions 24cm.
700 ## - ADDED ENTRY--PERSONAL NAME
Other authors/Editors BENDHIA, S. D.
856 ## - ELECTRONIC LOCATION AND ACCESS
Link text Access Online Book
Electronic name Advanced CMOS Cell Design
Path mhprofessional.com
942 ## - ADDED ENTRY ELEMENTS (KOHA)
Source of classification or shelving scheme Dewey Decimal Classification
Koha item type Books
Holdings
Date last seen Total checkouts Full call number Barcode Cost, replacement price Price effective from Koha item type Lost status Source of classification or shelving scheme Damaged status Not for loan Withdrawn status Home library Current library Shelving location Date acquired Cost, normal purchase price
06/11/2025   LM 621.3 SIC 00000010844 135000.00 06/11/2025 Books   Dewey Decimal Classification       College of Business Education Main Library College of Business Education Main Library General Collection 05/28/2010 45000.00
06/11/2025   LM 621.3 SIC 00000010845 135000.00 06/11/2025 Books   Dewey Decimal Classification       College of Business Education Main Library College of Business Education Main Library General Collection 05/28/2010 45000.00